000 00803nas a2200265 4500
001 BR0802935
003 BR-BrBNA
005 20231205112121.0
007 ta
008 230509b bl.|||p| |||| 00| 00por d
040 _aBR-BrBNA
_bpor
_cBiblioteca Nacional de Agricultura
041 _a(Es)
072 _aL60; L20
100 1 _aVargas, H.A.
100 1 _aParra, L.E.
245 1 _aUna nueva espécie de Lioptilodes Zimmerman (Lepidoptera: Pterophoridae)de Chile
650 _aINSETO
650 _aTAXONOMIA ANIMAL
650 _aMORFOLOGIA ANIMAL
650 _aDISTRIBUIÇÃO GEOGRÁFICA
650 _aCHILE
773 0 _tNeotropical Entomology (Brazil)
_xISSN 1519-566X
_g(May-Jun 2005), v. 34(3) p. 403-406
_wBR0802935
909 _a202311
_bLúcia
_c55
_dLúcia Elande
942 _2AGRIS
_n0
_cANA
999 _c196178
_d196178